000 00756nam a22001697a 4500
003 SGT
020 _a9789351403661
082 _a530.41,SAX
100 _aSAXENA,B.S
245 _aFUNDAMENTALS OF SOLD STATE PHYSICS
250 _a15TH
260 _aNEW DELHI
_bPRAGATI PRAKASHAN
_c2015
300 _a704
650 _aPHYSICS
653 _aCRYSTALLOGRAPHY, DIFFRACTION OF X-RAYS, ELECTRONS AND NEUTRONS BY CRYSTALS,CRYSTAL BINDING, ELASTICITY AND ELASTIC ELASTIC WAVES, DEFECTS AND DISLOCATIONS IN CRYSTALS, LATTICE VIBRATIONS AND PHONONS, THERMAL PROPERTIES OF SOLIDS, FREE ELECTRON THEORY OF METALS, TRANSPORT PROPERTIES, BAND THEORY OF SOLIDS, SEMI-CONDUCTORS, MAGNETISM, MAGNETIC RESONANCE, SUPERCONDUCTIVITY, MASERS AND LASERS
942 _2ddc
_cFPS
_05
999 _c9318
_d9318